東武鉄道の特急停車駅 - Statistics

General Stats
  • This quiz has been taken 29 times
  • The average score is 31 of 40
Answer Stats
Answer % Correct
浅草
100%
伊勢崎
100%
東武日光
100%
とうきょうスカイツリー
96%
東武動物公園
96%
下今市
96%
下今市
96%
曳舟
93%
北千住
93%
鬼怒川温泉
93%
春日部
89%
佐野
89%
太田
86%
太田
86%
南栗橋
86%
新藤原
86%
久喜
82%
館林
82%
館林
82%
葛生
82%
栃木
82%
新鹿沼
82%
赤城
79%
新栃木
79%
東武ワールドスクウェア
79%
鬼怒川公園
79%
加須
75%
羽生
75%
新伊勢崎
75%
新桐生
68%
板倉東洋大前
68%
足利市
64%
相老
61%
杉戸高野台
61%
佐野市
57%
新高徳
50%
田沼
39%
藪塚
32%
木崎
29%
境町
25%
No matching quizzes found
Score Distribution
Percent of People with Each Score
Percentile by Number Answered
Your Score History
You have not taken this quiz